Adverbes de position dans l'espace en espagnol - Statistiques

Statistiques générales
  • Ce quiz a été pris 25 fois
  • Le résultat moyen est 11 sur 20
Statistiques - réponses
Hint Réponse % Correct
ici aquí
88%
à en
88%
entre entre
76%
à droite a la derecha
71%
à gauche a la izquierda
65%
loin lejos
65%
en bas abajo
59%
près cerca
59%
sur sobre
59%
à côté al lado
53%
là-bas allí
53%
en haut arriba
53%
dedans dentro
53%
derrière detrás
47%
dessous debajo
41%
devant delante
41%
ahí
35%
sous bajo
35%
dehors fuera
29%
dessus encima de
18%
Aucun quiz correspondant
Distribution des résultats
% des personnes avec chaque résultat
Percentile par nombre de réponses
Votre historique - résultats
Vous n’avez pas pris ce quiz